Universidad y Sociedad en el Nuevo Reino de Granada contribución a un análisis histórico de la formación intelectual de la sociedad Colombiana (Registro nro. 38353)

Detalles MARC
000 -CABECERA
Longitud fija campo de control 01383nam a2200337Ia 4500
003 - IDENTIFICADOR DEL NUMERO DE CONTROL
Identificador del número de control CO-BoRNBP
005 - FECHA Y HORA DE LA ULTIMA TRANSACCION
Fecha y hora de la última transacción 20240930110932.0
007 - CAMPO FIJO DE DESCRIPCION FISICA
Campo fijo de descripción física ta
008 - CODIGOS DE INFORMACION DE LONGITUD FIJA
Códigos de información de longitud fija 130821s1992 ck gr spa
020 ## - NUMERO INTERNACIONAL NORMALIZADO PARA LIBROS
Número Internacional Normalizado para Libros (ISBN) 9589028780
040 ## - FUENTE DE LA CATALOGACION
Centro catalogador de origen Co-BoUCM
Lengua de catalogación spa
Centro transcriptor CO-BoRNBP
Normas de descripción rda
041 ## - CODIGO DE LENGUA
Código de lengua del texto/banda sonora o título independiente spa
082 ## - NUMERO DE LA CLASIFICACION DECIMAL DEWEY
Número de clasificación (R) 370.9861 S45u
Número del ítem S45u
100 ## - PUNTO DE ACCESO PRINCIPAL-NOMBRE DE PERSONA
Nombre de persona Silva, Renán
245 ## - TITULO PROPIAMENTE DICHO
Título Universidad y Sociedad en el Nuevo Reino de Granada contribución a un análisis histórico de la formación intelectual de la sociedad Colombiana
Mención de responsabilidad, etc. Renán Silva
250 ## - MENCION DE EDICION
Mención de edición Primera edición
300 ## - DESCRIPCION FISICA
Extensión 477 páginas
Dimensiones 2 cm
336 ## - TIPO DE CONTENIDO
Fuente rdacontenido
Término de tipo de contenido texto
Código de tipo de contenido txt
337 ## - TIPO DE MEDIO
Fuente rdamedio
Nombre del tipo de medio sin mediación
Código del tipo de medio n
338 ## - TIPO DE SOPORTE
Fuente rdasoporte
Nombre del tipo de soporte volumen
Código del tipo de soporte nc
490 ## - MENCION DE SERIE
Mención de serie Colección bibliográfica Banco de la República; 1992
504 ## - NOTA DE BIBLIOGRAFIA, ETC
Nota de bibliografía, etc. Incluye bibliográficas al final de los capítulos e índice
610 ## - PUNTO DE ACCESO ADICIONAL DE MATERIA - NOMBRE DE ENTIDAD CORPORATIVA
Nombre de entidad corporativa o nombre de jurisdicción como elemento inicial Universidad Colegio Mayor de Nuestra Señora del Rosario
Subdivisió,n de materia general Historia
650 04 - PUNTO DE ACCESO ADICIONAL DE MATERIA - TERMINO DE MATERIA
Término de materia o nombre geográfico como elemento inicial Educación superior
Fuente del encabezamiento ARMARC
650 04 - PUNTO DE ACCESO ADICIONAL DE MATERIA - TERMINO DE MATERIA
Término de materia o nombre geográfico como elemento inicial Educación superior
Subdivisión geográfica Colombia
Fuente del encabezamiento ARMARC
650 04 - PUNTO DE ACCESO ADICIONAL DE MATERIA - TERMINO DE MATERIA
Término de materia o nombre geográfico como elemento inicial Sociología de la educación
Fuente del encabezamiento ARMARC
650 04 - PUNTO DE ACCESO ADICIONAL DE MATERIA - TERMINO DE MATERIA
Término de materia o nombre geográfico como elemento inicial Universidades
Subdivisión de materia general Historia
Subdivisión geográfica Colombia
Subdivisión cronológica 1832-1857
Fuente del encabezamiento ARMARC
830 ## - PUNTO DE ACCESO ADICIONAL DE SERIE - TITULO UNIFORME
Título uniforme Bibliografía Básica Medio Universitario.
830 ## - PUNTO DE ACCESO ADICIONAL DE SERIE - TITULO UNIFORME
Título uniforme Bibliografía Básica Cátedra Rosarista.
942 ## - ENTRADA DE ELEMENTOS AGREGADOS (KOHA)
Koha [por defecto] tipo de item LIbro
Fuente de clasificaión o esquema Dewey Decimal Classification
Código institución [OBSOLETE] 1
Parte de clasificación 370
Existencias
Perdido Fuente de clasificación o esquema Estado Físico No para préstamo Forma de adquisición Localización permanente Localización actual Localización en estanterías Fecha adquisición Préstamos totales Signatura completa Código de barras Fecha última consulta Número de copia Fecha del precio de reemplazo Tipo de item de Koha
  Dewey Decimal Classification     Colección General Biblioteca Pública Guamal Biblioteca Pública Guamal General 09/30/2024   370.9861 S45u GUA004129 09/30/2024 Ej.1 09/30/2024 LIbro









Instituto Departamental de Cultura del Meta - Red Departamental de Bibliotecas Públicas del Meta.